Mathematics dictionary / (Record no. 8352)
[ view plain ]
| 000 -LEADER | |
|---|---|
| fixed length control field | 00793cam a2200241 i 4500 |
| 001 - CONTROL NUMBER | |
| control field | BD-DhSAU |
| 003 - CONTROL NUMBER IDENTIFIER | |
| control field | BD-DhSAU |
| 005 - DATE AND TIME OF LATEST TRANSACTION | |
| control field | 20150611152416.0 |
| 008 - FIXED-LENGTH DATA ELEMENTS--GENERAL INFORMATION | |
| fixed length control field | 760113s1976 nyua d 000 0 eng |
| 040 ## - CATALOGING SOURCE | |
| Original cataloging agency | BD-DhSAU |
| 082 00 - DEWEY DECIMAL CLASSIFICATION NUMBER | |
| Classification number | 510.3 |
| Edition number | 22 |
| Item number | JAM |
| 100 1# - MAIN ENTRY--PERSONAL NAME | |
| Personal name | James, Glenn |
| Dates associated with a name | 1882- |
| Relator term | ed. |
| 245 10 - TITLE STATEMENT | |
| Title | Mathematics dictionary / |
| Statement of responsibility, etc. | James [and] James ; contributors, Armen A. Alchian ... [et al.] ; translators, J. George Adashko ... [et al.]. |
| 250 ## - EDITION STATEMENT | |
| Edition statement | 4th ed. |
| 260 ## - PUBLICATION, DISTRIBUTION, ETC. (IMPRINT) | |
| Place of publication, distribution, etc. | Delhi : |
| Name of publisher, distributor, etc. | CBS Pub. , |
| Date of publication, distribution, etc. | c1986. |
| 300 ## - PHYSICAL DESCRIPTION | |
| Extent | vii, 509 p. : |
| Other physical details | ill. ; |
| Dimensions | 24 cm. |
| 590 ## - Name of Cataloguer | |
| Name of Cataloger | Jerin |
| 650 #0 - SUBJECT ADDED ENTRY--TOPICAL TERM | |
| Topical term or geographic name as entry element | Mathematics |
| General subdivision | Dictionaries |
| -- | Polyglot. |
| 650 #0 - SUBJECT ADDED ENTRY--TOPICAL TERM | |
| Topical term or geographic name as entry element | Dictionaries, Polyglot. |
| 700 1# - ADDED ENTRY--PERSONAL NAME | |
| Personal name | James, Robert C. |
| Fuller form of name | (Robert Clarke), |
| Relator term | joint author. |
| 700 1# - ADDED ENTRY--PERSONAL NAME | |
| Personal name | Alchian, Armen Albert |
| Dates associated with a name | 1914- |
| 942 ## - ADDED ENTRY ELEMENTS (KOHA) | |
| Source of classification or shelving scheme | Dewey Decimal Classification |
| Koha item type | Book |
| Withdrawn status | Lost status | Source of classification or shelving scheme | Damaged status | Not for loan | Collection code | Home library | Branch Name | Shelving location | Date acquired | Total Checkouts | Full call number | Barcode | Date last seen | Price effective from | Koha item type |
|---|---|---|---|---|---|---|---|---|---|---|---|---|---|---|---|
| Dewey Decimal Classification | Not For Loan | Reference | SAU Library | SAU Library | Reference | 24/06/1992 | 510.3 JAM | 20034 | 11/06/2015 | 11/06/2015 | Book | ||||
| Dewey Decimal Classification | Not For Loan | Reference | SAU Library | SAU Library | Reference | 24/06/1992 | 510.3 JAM | 20033 | 11/06/2015 | 11/06/2015 | Book | ||||
| Dewey Decimal Classification | Not For Loan | Reference | SAU Library | SAU Library | Reference | 28/06/1992 | 510.3 JAM | 21693 | 11/06/2015 | 11/06/2015 | Book | ||||
| Dewey Decimal Classification | Not For Loan | Reference | SAU Library | SAU Library | Reference | 12/06/2015 | 510.3 JAM | 20032 | 12/06/2015 | 12/06/2015 | Book |
